[Event "Hlohovec op"]
[Site "Hlohovec"]
[Date "1993.??.??"]
[Round "?"]
[White "Tarasova, Oksana"]
[Black "Svobodova, Michaela"]
[Result "1/2-1/2"]
[WhiteElo "2110"]
[BlackElo "2050"]

1.c4 c6 2.Nf3 Nf6 3.g3 d5 4.b3 Bf5 5.Bb2 e6 6.Bg2 h6 7.O-O Be7 8.d3 O-O 9.Nbd2 Nbd7
10.Rc1 Rc8 11.Rc2 Bh7 12.Qa1 b5 13.a3 Qb6 14.Ne5 Nxe5 15.Bxe5 Qa6 16.Rfc1 bxc4
17.bxc4 Rfd8 18.Nb3 Qb6 19.Rb1 Qa6 20.a4 Ne8 21.Bh3 c5 22.cxd5 c4 23.dxe6 f6
24.Bd4 cxb3 25.Rxc8 Qxc8 26.Bxa7 Qc2 27.Rb2 Qc3 28.Qb1 Qa5 29.Be3 Qxa4 30.Rxb3 Nd6
31.Rb8 Qe8 32.Rxd8 Qxd8 33.Qb6 Qxb6 34.Bxb6 Bf5 35.Bxf5 Nxf5 36.e4 Nd6 37.f4 g6
38.Kf2 f5 39.Ke3 Nb5 40.Kd2 Kf8 41.Kc2 Bd6 42.e5 Bb8 43.Bc5+ Ke8 44.Kb3 Ba7
45.Bxa7 Nxa7 46.d4 Nc6 47.Kc4 Ke7 48.d5 Nd8 49.Kc5 Nb7+ 50.Kb6 Nd8 51.Kc7 Ke8
52.Kd6 Nb7+ 53.Kc6 Nd8+ 54.Kc7 Ke7 55.d6+ Ke8 56.e7 Ne6+ 57.Kc6 Ng7 58.Kd5 Kd7
59.e6+ Ke8 60.Ke5 Nh5 61.g4 fxg4 62.f5 gxf5 63.Kxf5 g3 64.hxg3 Nxg3+ 65.Kg6 Ne4
66.Kxh6  1/2-1/2

[Event "HUN-chT"]
[Site "HUN"]
[Date "1993.??.??"]
[Round "?"]
[White "Bernei, Andras"]
[Black "Varga, Peter"]
[Result "1/2-1/2"]
[WhiteElo "2335"]
[BlackElo "2315"]

1.c4 c6 2.e4 d5 3.exd5 cxd5 4.d4 Nf6 5.Nc3 g6 6.Nf3 Bg7 7.Bg5 dxc4 8.Bxc4 O-O
9.h3 a6 10.O-O b5 11.Bb3 Nc6 12.a3 Bb7 13.Re1 Na5 14.Ba2 Qd6 15.Ne5 b4 16.axb4 Qxb4
17.Nxf7 Rxf7 18.Bxf6 Bxf6 19.Bxf7+ Kxf7 20.Rxa5 Bxg2 21.Ra4 Qxb2 22.Kxg2 Qxc3
23.Re3 Qc7 24.Qf3 Rd8 25.d5 Rd6 26.Rae4 Rd7 27.Re6 Qb7 28.h4 Kg7 29.h5 Qxd5
30.Rxe7+ Bxe7 31.Rxe7+ Kh6 32.Qxd5 Rxd5 33.hxg6 hxg6 34.Ra7 Ra5 35.Kg3 Kg5
36.f3 Ra3 37.Ra8 Kf5 38.Rf8+ Ke6 39.Re8+ Kf7 40.Ra8 a5 41.Kg4 Kf6 42.Ra6+ Kg7
43.Ra8 a4 44.Ra7+ Kh6 45.f4 Ra1 46.Ra6 a3 47.Kg3 Kg7 48.Kg2 Ra2+ 49.Kg3 Kf7
50.Kh3 Ra1 51.Kg2 a2 52.Kh2 Ke7 53.Kg2 Kd7 54.Kh2 Kc7 55.Kg2 Kb7 56.Ra3 Kc6
57.Ra5 Kb6 58.Ra8 Kb5 59.Rb8+ Kc4 60.Ra8 Kd3 61.Ra3+ Ke4 62.Ra4+ Ke3 63.Ra3+ Kxf4
64.Ra4+ Kg5 65.Ra5+ Kh6 66.Ra6 Kh5 67.Ra5+ g5 68.Ra4  1/2-1/2

[Event "HUN-chT"]
[Site "HUN"]
[Date "1993.??.??"]
[Round "?"]
[White "Forintos, Gyozo V"]
[Black "Kaposztas, Miklos"]
[Result "1/2-1/2"]
[WhiteElo "2465"]
[BlackElo "2295"]

1.c4 c6 2.Nf3 Nf6 3.b3 g6 4.Bb2 Bg7 5.g3 O-O 6.Bg2 d5 7.O-O a5 8.d3 Bf5 9.Nbd2 a4
10.Qc1 axb3 11.Nxb3 Bg4 12.h3 Bxf3 13.Bxf3 Nbd7 14.Qc2 Qb8 15.Rfb1 Ra4 16.Bg2 dxc4
17.dxc4 Qd6 18.a3 Qe6 19.Rc1 Rfa8 20.e3 Ne8 21.Nd4 Qd6 22.c5 Qc7 23.Bf1 R4a5
24.Nb3 Ra4 25.Rcb1 Bxb2 26.Qxb2 Ng7 27.Qc1 Ne6 28.Bg2 Ne5 29.Bf1 Nd7 30.Bg2 Ne5
31.Bf1  1/2-1/2

[Event "ITA-chT"]
[Site "ITA"]
[Date "1993.??.??"]
[Round "1"]
[White "Sarno, Spartaco"]
[Black "Barlocco, Carlo"]
[Result "1/2-1/2"]
[WhiteElo "2410"]
[BlackElo "2300"]

1.c4 c6 2.d4 d5 3.Nf3 Bf5 4.Nc3 e6 5.Qb3 Qb6 6.c5 Qc7 7.g3 Nf6 8.Bf4 Qc8
9.Bg2 Be7 10.O-O Nbd7 11.Rac1 O-O 12.Nh4 Bg6 13.Nxg6 hxg6 14.Na4 Nh5 15.Bd6 Bxd6
16.cxd6 Nhf6 17.Nc5 b6 18.Nd3 c5 19.dxc5 bxc5 20.Nxc5 Nxc5 21.Qe3 Qa6 22.Rxc5 Qxa2
23.Qc3 Rab8 24.e4 Qxb2 25.Qxb2 Rxb2 26.exd5 exd5 27.Rd1 Rd8 28.Bxd5 Nxd5
29.Rdxd5 Rb6 30.d7 Kf8 31.Rc7 a6 32.Kg2 Ke7 33.Ra7 Rd6 34.Rxd6 Kxd6 35.Rxa6+ Kxd7
36.Kf3 Rb8  1/2-1/2

[Event "ITA-chT"]
[Site "ITA"]
[Date "1993.??.??"]
[Round "2"]
[White "Sarno, Spartaco"]
[Black "Wagman, Stuart"]
[Result "1/2-1/2"]
[WhiteElo "2410"]
[BlackElo "2205"]

1.c4 c6 2.d4 d5 3.Nf3 Nf6 4.Nc3 dxc4 5.a4 Bf5 6.e3 e6 7.Bxc4 Bb4 8.O-O O-O
9.Nh4 Nbd7 10.Qb3 Bd6 11.h3 Qe7 12.Nxf5 exf5 13.Qxb7 Rab8 14.Qa6 Rb6 15.Qa5 g6
16.Na2 Ne4 17.Qe1 c5 18.b3 Ne5 19.Qe2 Nxc4 20.bxc4 Rfb8 21.Rd1 Qf6 22.Qc2 Rb3
23.Rd3 Rxd3 24.Qxd3 Qh4 25.Qc2 Rb3 26.Kf1  1/2-1/2

[Event "Katerini GP"]
[Site "Katerini"]
[Date "1993.??.??"]
[Round "2"]
[White "Stefansson, Hannes"]
[Black "Georgieva, Emilia"]
[Result "1-0"]
[WhiteElo "2500"]
[BlackElo "2070"]

1.c4 c6 2.Nf3 Nf6 3.g3 d5 4.Bg2 e6 5.b3 Bd6 6.Bb2 Nbd7 7.O-O O-O 8.d4 b6
9.Nbd2 Bb7 10.Ne5 Bxe5 11.dxe5 Ng4 12.Nf3 f5 13.exf6 Ngxf6 14.Ng5 Re8 15.e4 h6
16.exd5 cxd5 17.Nh3 Rc8 18.Nf4 Rc5 19.Ba3 Rc7 20.Re1 e5 21.Nxd5 Nxd5 22.Bxd5+ Bxd5
23.Qxd5+ Kh8 24.Rad1 Qf6 25.f4 Nc5 26.Rxe5 Rg8 27.Bxc5 Rxc5 28.Qd6 Rxe5 29.Qxe5 Qc6
30.Rd6  1-0

[Event "Kecskemet2"]
[Site "Kecskemet"]
[Date "1993.??.??"]
[Round "6"]
[White "Csom, Istvan"]
[Black "Haba, Petr"]
[Result "1/2-1/2"]
[WhiteElo "2475"]
[BlackElo "2485"]

1.c4 c6 2.Nc3 d5 3.cxd5 cxd5 4.d4 Nf6 5.Bf4 Nc6 6.e3 a6 7.Bd3 Bg4 8.Nge2 e6
9.O-O Be7 10.Rc1 O-O 11.Bg3 Bh5 12.Na4 Nd7 13.Qb3 Ra7 14.Nf4 Bg6 15.Bxg6 hxg6
16.Nd3 Na5 17.Qc2 b5 18.Nac5 Nxc5 19.Nxc5 Qb6 20.Nd3 Qb7 21.Qe2 Nc6 22.Rc2 Raa8
23.Rfc1 Rac8 24.h3 Qa8 25.Rc3 Nb4 26.Nxb4 Bxb4 27.Rc7 Ba5 28.R7c5 Bb4 29.Rc7 Ba5
30.R7c5 Bb4 31.Rc7  1/2-1/2

[Event "Komotini GP"]
[Site "Komotini"]
[Date "1993.??.??"]
[Round "4"]
[White "Ibragimov, Ildar"]
[Black "Nikolaidis, Ioannis"]
[Result "1/2-1/2"]
[WhiteElo "2550"]
[BlackElo "2440"]

1.c4 c6 2.e4 d5 3.exd5 cxd5 4.d4 Nf6 5.Nc3 g6 6.cxd5 Bg7 7.Bc4 Nbd7 8.d6 e6
9.Bf4 Nh5 10.Be3 Nb6 11.Bb5+ Bd7 12.Nf3 Bxb5 13.Nxb5 O-O 14.Qb3 Nd5 15.Rc1 Rb8
16.O-O a6 17.Nc3 Nxe3 18.fxe3 Qxd6  1/2-1/2

[Event "Kurgan"]
[Site "Kurgan"]
[Date "1993.??.??"]
[Round "?"]
[White "Savon, Vladimir A"]
[Black "Rublevsky, Sergei"]
[Result "1/2-1/2"]
[WhiteElo "2450"]
[BlackElo "2525"]

1.c4 c6 2.d4 d5 3.cxd5 cxd5 4.Nc3 Nf6 5.Nf3 Nc6 6.Bf4 Bf5 7.e3 e6 8.Bd3 Bxd3
9.Qxd3 Bd6 10.Bxd6 Qxd6 11.O-O O-O 12.Rfc1 Rfe8 13.Nd2 a6 14.a3 Ne7 15.Na4 Nd7
16.b4  1/2-1/2

[Event "Las Palmas op"]
[Site "Las Palmas"]
[Date "1993.??.??"]
[Round "?"]
[White "Todorcevic, Miodrag"]
[Black "Sarmiento, Braulio Alfonso"]
[Result "1-0"]
[WhiteElo "2480"]
[BlackElo "2210"]

1.c4 c6 2.Nf3 d5 3.cxd5 cxd5 4.g3 Nf6 5.Bg2 Nc6 6.d3 Bg4 7.O-O e6 8.a3 a5
9.Nc3 Be7 10.h3 Bxf3 11.Bxf3 O-O 12.Bg2 Qb6 13.Na4 Qa6 14.Be3 Nd7 15.Bd2 b5
16.Nc3 a4 17.e4 d4 18.Na2 Ra7 19.f4 Nc5 20.Nc1 Na5 21.Rb1 Rc8 22.f5 Nab3
23.Bf4 exf5 24.exf5 Bd6 25.Na2 Bxf4 26.Rxf4 Nd7 27.Nb4 Qd6 28.Qe2 Nf6 29.Re1 h6
30.Qe5 Qxe5 31.Rxe5 Rc1+ 32.Kh2 Rac7 33.Rxb5 Re1 34.g4 Rcc1 35.Rf2 Nc5 36.Rc2 Nfd7
37.Rxc1 Rxc1 38.Nc6 Nxd3 39.Nxd4 Nf4 40.Kg3 Nxg2 41.Kxg2 Rc4 42.Rd5 Nc5 43.Rd8+ Kh7
44.Nf3 g6 45.fxg6+ fxg6 46.Rc8 Kg7 47.Rc7+ Kg8 48.Ne5 Rc1 49.Nxg6 Rc2+ 50.Kf1 Rxb2
51.Rxc5 Rb3 52.Kg2 Rxa3 53.Ra5  1-0

[Event "Las Palmas"]
[Site "Las Palmas"]
[Date "1993.??.??"]
[Round "5"]
[White "Rivas Pastor, Manuel"]
[Black "Morovic Fernandez, Ivan"]
[Result "0-1"]
[WhiteElo "2515"]
[BlackElo "2570"]

1.c4 c6 2.Nf3 d5 3.e3 Nf6 4.b3 e6 5.Bb2 Nbd7 6.Nc3 Bd6 7.Be2 O-O 8.O-O Re8
9.d4 b6 10.Qc2 Bb7 11.Rad1 Qe7 12.e4 Nxe4 13.Nxe4 dxe4 14.Qxe4 Rad8 15.Bd3 f5
16.Qe2 c5 17.Bc2 cxd4 18.Nxd4 g6 19.Qd2 Nf6 20.Qc3 e5 21.Nb5 Bb4 22.Qh3 Nh5
23.Bc1 Nf4 24.Bxf4 exf4 25.Nd4 Bc5 26.Nf3 Qe2 27.Ng5 Qxf2+ 28.Kh1 h6  0-1

[Event "Las Palmas-C"]
[Site "Las Palmas"]
[Date "1993.??.??"]
[Round "8"]
[White "Morales, Julian"]
[Black "Gonzalez Perez, Lutgarda"]
[Result "1-0"]
[WhiteElo "2220"]
[BlackElo "2370"]

1.c4 c6 2.b3 d5 3.e3 Nf6 4.Bb2 Bg4 5.Nf3 e6 6.Be2 Nbd7 7.O-O Bd6 8.Nc3 O-O
9.d3 a5 10.Nd4 e5 11.Bxg4 exd4 12.exd4 Nxg4 13.Qxg4 f5 14.Qh3 Rf6 15.f4 Qf8
16.Rae1 Rh6 17.Qf3 Qf6 18.Nd1 Qh4 19.h3 Rg6 20.Re3 Nf6 21.Qf2 Qh6 22.Rf3 Nh5
23.Bc1 Re8 24.Ne3 Rge6 25.Nxf5 Qg6 26.Nxd6 Re2 27.Nxe8 Rxf2 28.R1xf2 Qxe8
29.Re3 Qf7 30.Ba3 Nf6 31.Bd6 Qd7 32.c5 b6 33.Re7 Qd8 34.Rfe2 bxc5 35.dxc5 a4
36.g4 Qa5 37.g5 axb3 38.gxf6 gxf6 39.Rg2+  1-0

[Event "Lenk op"]
[Site "Lenk"]
[Date "1993.??.??"]
[Round "4"]
[White "Gheorghiu, Florin"]
[Black "Robovic, Saudin"]
[Result "1/2-1/2"]
[WhiteElo "2475"]
[BlackElo "2365"]

1.c4 c6 2.d4 e6 3.Nf3 d5 4.Qc2 dxc4 5.Qxc4 b5 6.Qc2 Bb7 7.Nbd2 Nd7 8.Nb3 Rc8
9.Nc5 Nxc5 10.dxc5 Qd5 11.b4 Nf6 12.Bb2 Be7 13.Ne5 O-O 14.f3 Qd8 15.e4 a5
16.a3 Qc7 17.Be2 Rcd8 18.O-O Nd7 19.Nxd7 Rxd7 20.f4 Rfd8 21.Bc3 Bf8 22.h4 Ra8
23.g3 Bc8 24.Bf3 Ra6 25.e5 Qa7 26.Be4 h6 27.Kh2 Qa8 28.Kh3 Rda7 29.Qb2 axb4
30.axb4 Ra2 31.Rxa2 Rxa2 32.Ra1 Rxa1 33.Qxa1 Qxa1 34.Bxa1 Bd7 35.h5 Be7 36.g4 Bd8
37.Bd4 Be7 38.Kg3 Bd8 39.Bc3 Be7 40.Bd2 Bd8 41.g5 Bc7 42.Bc3 Bd8 43.Kg4 Be7
44.Bd2 Bf8 45.Be3 Be7 46.gxh6 gxh6 47.f5 Bf8 48.Bf2 Be7 49.Be3 Bf8 50.Bd2 Bg7
51.Kf4 Bf8 52.Kg4 Bg7 53.Bf4 Bf8 54.Bg3 Be7 55.Bf4 Bf8 56.Bd2 Bg7 57.Kf4 Bf8
58.Be1 Be7 59.Kg4 Bg5 60.f6 Be8 61.Kf3 Bd7  1/2-1/2

[Event "Liechtenstein op"]
[Site "Liechtenstein"]
[Date "1993.??.??"]
[Round "9"]
[White "Foisor, Ovidiu"]
[Black "Robovic, Saudin"]
[Result "0-1"]
[WhiteElo "2425"]
[BlackElo "2360"]

1.c4 c6 2.Nf3 d5 3.e3 dxc4 4.Bxc4 e6 5.d4 b5 6.Bd3 a6 7.O-O c5 8.a4 b4 9.Nbd2 Bb7
10.Nb3 cxd4 11.exd4 Nd7 12.Bg5 Be7 13.Bxe7 Nxe7 14.Rc1 O-O 15.Qe2 Bd5 16.Nfd2 Nf5
17.Be4 Nf6 18.Bxd5 Nxd5 19.Nf3 h5 20.Rc6 h4 21.Rfc1 Qf6 22.Qe4 Qh6 23.Qg4 Rfd8
24.Qg5 Qxg5 25.Nxg5 Nf4 26.Kf1 Nxd4 27.Nxd4 Rxd4 28.R6c4 Rxc4 29.Rxc4 Nd5
30.Nf3 h3 31.gxh3 a5 32.h4 Nb6 33.Rc7 Nxa4 34.b3 Nc3 35.Ng5 a4 36.bxa4 Rb8
37.Nf3 Nxa4 38.Rc4 Nb2 39.Re4 Na4 40.Rc4 Nc3 41.Ke1 Nd5 42.Kd2 Ra8 43.Nd4 Kh7
44.Rc5 Ra2+ 45.Rc2 Rxc2+ 46.Kxc2 Kg6 47.Nc6 f6 48.Nd8 e5 49.Kb3 Kh5 50.Ne6 g6
51.Nf8 Kxh4 52.Nxg6+ Kh3 53.Kc4 Kxh2 54.Nh4 Kg1 55.Kxd5 b3 56.f4 Kf2 57.fxe5 fxe5  0-1

[Event "Linares"]
[Site "Linares"]
[Date "1993.??.??"]
[Round "12"]
[White "Karpov, Anatoly"]
[Black "Kramnik, Vladimir"]
[Result "1/2-1/2"]
[WhiteElo "2725"]
[BlackElo "2685"]

1.c4 c6 2.e4 d5 3.exd5 cxd5 4.d4 Nf6 5.Nc3 Nc6 6.Nf3 Bg4 7.cxd5 Nxd5 8.Qb3 Bxf3
9.gxf3 e6 10.Qxb7 Nxd4 11.Bb5+ Nxb5 12.Qc6+ Ke7 13.Qxb5 Qd7 14.Nxd5+ Qxd5
15.Bg5+ f6 16.Qxd5 exd5 17.Be3 Ke6 18.O-O-O Bb4 19.Rd3 Rhd8 20.a3 Rac8+ 21.Kb1 Bc5
22.Re1 Kd6 23.Rg1 g6 24.Rgd1 Ke6 25.Re1 Bxe3 26.Rdxe3+ Kf5 27.Re7 Kf4 28.R1e3 a5
29.h3 h5 30.R7e6 Kg5 31.Ra6 d4 32.f4+ Kf5 33.Rxa5+ Kxf4 34.Rd3 Ke4 35.Rd2 g5
36.Ra6 f5 37.Re6+ Kf3 38.Re5 Kf4 39.Re6 h4 40.Rd3 g4 41.Rh6 Kg5 42.Rh7 Rc6
43.a4 Rd5 44.a5 Rcd6 45.Ra7 gxh3 46.Rg7+ Kf4 47.Rh7 Ke4 48.Rxh3 Rxa5 49.Kc2 Rb5
50.Re7+ Kf4 51.Rxh4+ Kf3 52.Rh3+ Kxf2 53.Rd3 Rc6+ 54.Kb1 Rb4 55.b3 f4 56.Re4 Rf6
57.Kb2 f3 58.Ka3 Rbb6 59.Rdxd4 Rg6 60.Rd2+ Kg3 61.Re3 Rbe6 62.Rc3 Ra6+ 63.Kb2 Rg4
64.Rd8 Rf6 65.Rd2 Rgf4 66.Ka3 Kg4 67.Rf2 Ra6+ 68.Kb2 Rh6 69.Ka3 Rh1 70.Rd3 Kg3
71.Rc2 Rhh4 72.Re3 Rh2 73.Rc8 Kg2 74.Rg8+ Kf1 75.b4 f2 76.Rb3 Rhh4 77.Rgg3 Rd4
78.Ka4 Rhe4 79.Ka5 Rd2 80.Rh3 Ke2 81.Rh2 Ra2+ 82.Kb6 Re6+ 83.Kc5 Rc2+ 84.Kb5 Rh6
85.Rg2 Rf6 86.Rh2 Rh6 87.Rg2 Kf1 88.Rg5 Rf6 89.Rc5 Rd2 90.Rc6 Rf4 91.Rc1+ Kg2
92.Rbb1 Rf8 93.Ka5 Ra2+ 94.Kb6 Rf6+ 95.Kc5 Rf5+ 96.Kb6 Re2 97.b5 Re6+ 98.Ka5 Rfe5
99.Ka4 Re4+  1/2-1/2

[Event "Ljubljana op"]
[Site "Ljubljana"]
[Date "1993.??.??"]
[Round "?"]
[White "Podvrsnik, Marko"]
[Black "Zorman, Vojko"]
[Result "0-1"]
[WhiteElo "2215"]
[BlackElo "2325"]

1.c4 c6 2.d4 d5 3.g3 Nf6 4.Bg2 e6 5.Nf3 Nbd7 6.O-O Bd6 7.Nbd2 O-O 8.Qc2 h6
9.e4 Bb4 10.e5 Ne8 11.a3 Be7 12.Re1 Nc7 13.c5 f6 14.exf6 Bxf6 15.b4 a5 16.Bb2 Qe8
17.h3 axb4 18.axb4 Rxa1 19.Bxa1 Nb5 20.Bf1 Nc7 21.Bd3 g5 22.Kg2 Qf7 23.Nf1 Qg7
24.g4 Bd8 25.Ng3 Nf6 26.Ne5 Bd7 27.Ng6 Re8 28.Bb2 Nb5 29.f3 Bc7 30.Ne5 Rf8
31.Qe2 Be8 32.Ra1 Nd7 33.Bxb5 Nxe5 34.dxe5 cxb5 35.Bd4 Qf7 36.Rd1 Qd7 37.Qe3 Bg6
38.Ne2 Qf7 39.Bc3 Qg7 40.Rf1 Ra8 41.Re1 Ra2 42.Kh1 Be8 43.Nd4 Qg6 44.Re2 Ra3
45.Qc1 Ra4 46.Kg2 Bd8 47.Qc2 Qxc2 48.Rxc2 Ra6 49.Re2 Bg6 50.Re3 Be8 51.Re2 Be7
52.Bd2 Kg7 53.h4 Bg6 54.h5 Bd3 55.Rf2 Bd8 56.Be3 Be7 57.Kh2 Kg8 58.f4 gxf4
59.Bxf4 Bf8 60.g5 hxg5 61.Bxg5 Bg7 62.Bf6 Bh6 63.c6 bxc6 64.Nxe6 Be3 65.Rf3 Ra2+
66.Kg3 Re2 67.Nc7 Be4 68.e6 Bb6 69.Be5  0-1

[Event "London Lloyds"]
[Site "London"]
[Date "1993.??.??"]
[Round "3"]
[White "Wolstencroft, Darryl"]
[Black "Wells, Peter K"]
[Result "0-1"]
[WhiteElo "2210"]
[BlackElo "2455"]

1.c4 c6 2.g3 d5 3.cxd5 cxd5 4.Nf3 Nc6 5.d4 Nf6 6.Nc3 Ne4 7.Bg2 e6 8.O-O Nxc3
9.bxc3 Be7 10.c4 dxc4 11.Qa4 Bd7 12.Qxc4 Rc8 13.Bd2 O-O 14.Qb3 Bf6 15.e3 b5
16.Rfd1 Na5 17.Bxa5 Qxa5 18.e4 Rc3 19.Qb2 Rfc8 20.Ne1 b4 21.e5 Be7 22.d5 exd5
23.Bxd5 Ba4 24.Bb3 Bxb3 25.axb3 Qxe5 26.Ng2 Bc5 27.Qd2 Rf3 28.Qd7 Bxf2+ 29.Kh1 Rf8
30.Ra4 Rxb3  0-1

[Event "London Lloyds"]
[Site "London"]
[Date "1993.??.??"]
[Round "6"]
[White "McNab, Colin Anderson"]
[Black "Hanreck, Alan E"]
[Result "1-0"]
[WhiteElo "2490"]
[BlackElo "2255"]

1.c4 c6 2.Nf3 Nf6 3.g3 d6 4.Bg2 e5 5.O-O Be7 6.c5 Nbd7 7.cxd6 Bxd6 8.d3 O-O
9.Nbd2 Re8 10.b3 Nf8 11.Bb2 Ng6 12.Qc2 Bd7 13.Rad1 Rc8 14.Nc4 Bb8 15.d4 exd4
16.Bxd4 Ng4 17.Bc5 b6 18.Bd6 b5 19.Bxb8 Rxb8 20.Nd6 Rf8 21.Nd4 Qf6 22.Nxc6 Bxc6
23.Qxc6 Qb2 24.Qe4 Nf6 25.Qe3 a6 26.Rd2 Qa3 27.Rfd1 Qa5 28.Bf3 Qc7 29.h4 h6
30.h5 Ne7 31.Qf4 Nc8 32.Nxc8  1-0

[Event "Lublin-B"]
[Site "Lublin"]
[Date "1993.??.??"]
[Round "5"]
[White "Bjerring, Kai"]
[Black "Bierenbroodspot, Paul"]
[Result "0-1"]
[WhiteElo "2350"]
[BlackElo "2280"]

1.c4 c6 2.e4 e5 3.Nc3 Nf6 4.f4 d5 5.cxd5 cxd5 6.exd5 Nxd5 7.Nf3 exf4 8.Bb5+ Nc6
9.Qe2+ Be7 10.Ne5 O-O 11.Bxc6 Bh4+ 12.Kd1 Ne3+  0-1

[Event "Manresa op"]
[Site "Manresa"]
[Date "1993.??.??"]
[Round "4"]
[White "Suba, Mihai"]
[Black "Glimbrant, Torbjorn"]
[Result "1-0"]
[WhiteElo "2520"]
[BlackElo "2245"]

1.c4 c6 2.e4 d5 3.exd5 cxd5 4.d4 Nf6 5.Nc3 e6 6.Nf3 Be7 7.cxd5 Nxd5 8.Bd3 Nc6
9.O-O Bf6 10.Be4 O-O 11.Qd3 g6 12.Bh6 Re8 13.Rad1 Nce7 14.Ne5 Bd7 15.Qf3 Bc6
16.g4 Rc8 17.Rfe1 Rc7 18.Rd3 Nc8 19.Nxc6 Rxc6 20.Bxd5 exd5 21.Rxe8+ Qxe8
22.Nxd5 Bg7 23.Bg5 Re6 24.Kg2 Re1 25.Bd2 Ra1 26.Rc3 Nd6 27.Bf4 Qd8 28.Bxd6 Qxd6
29.Rc8+ Bf8 30.Nf6+ Kh8 31.Ne4 Qe7 32.d5  1-0

[Event "Martinez Valle op"]
[Site "Martinez Valle"]
[Date "1993.??.??"]
[Round "3"]
[White "Panno, Oscar"]
[Black "De las Heras, Juan Carlos"]
[Result "1-0"]
[WhiteElo "2495"]
[BlackElo "2325"]

1.c4 c6 2.Nc3 d5 3.e3 e6 4.Nf3 Nd7 5.Qc2 a6 6.d4 f5 7.cxd5 cxd5 8.h3 Ngf6
9.g4 g6 10.Bd3 Ne4 11.Bd2 Bd6 12.Ke2 Ndf6 13.Rag1 Bd7 14.gxf5 gxf5 15.Be1 b5
16.Ne5 Qc7 17.Nxd7 Qxd7 18.f3 Rc8 19.Qb3 Nxc3+ 20.Bxc3 b4 21.Be1 a5 22.Bh4 Kf7
23.Rg5 Rhg8 24.Rhg1 Rxg5 25.Rxg5 Rg8 26.Rxg8 Nxg8 27.Qd1 Qc7 28.Qc2 Nf6 29.Qxc7+ Bxc7
30.Bc2 h6 31.Kd3 Nh7 32.f4 Nf6 33.Ba4 Ne4 34.Kc2 Nd6 35.Kb3 Nc4 36.Bf2 Nd2+
37.Kc2 Ne4 38.Be1 Nd6 39.Bc6 Bd8 40.Kb3 Nc4 41.Bf2 Be7 42.Bb5 Nb6 43.Be1 Bf8
44.a3 bxa3 45.bxa3 Nc4 46.Bxc4 dxc4+ 47.Ka4 Be7 48.Bxa5 Bh4 49.Bd2 Be7 50.Bb4 Bh4
51.Kb5 Bf2 52.Kxc4 Bxe3 53.Bd6 Ke8 54.Be5 Kd7 55.Kb5 Bd2 56.a4 Kc8 57.Kc6  1-0

[Event "AUS-ch op"]
[Site "Melbourne"]
[Date "1993.??.??"]
[Round "4"]
[White "Johansen, Darryl K"]
[Black "Wallace, John Paul"]
[Result "1/2-1/2"]
[WhiteElo "2495"]
[BlackElo "2285"]

1.c4 c6 2.e4 d5 3.exd5 cxd5 4.cxd5 Nf6 5.Nc3 Nxd5 6.d4 Nxc3 7.bxc3 g6 8.Bg5 Bg7
9.Qd2 h6 10.Bf4 Nc6 11.Nf3 g5 12.Bg3 g4 13.Ne5 Nxe5 14.Bxe5 Bxe5 15.dxe5 Qxd2+
16.Kxd2 Bd7 17.h3 gxh3 18.g3 Bc6 19.Rxh3 O-O-O+ 20.Ke3 Rd5 21.f4 f6 22.c4 Ra5
23.exf6 exf6 24.a3 f5 25.Be2 Re8+ 26.Kd2 Re6 27.g4 Rd6+ 28.Kc3 fxg4 29.Bxg4+ Bd7
30.Bxd7+  1/2-1/2

[Event "Mlada Boleslav op"]
[Site "Mlada Boleslav"]
[Date "1993.??.??"]
[Round "?"]
[White "Smejkal, Jan"]
[Black "Matlak, Marek"]
[Result "1/2-1/2"]
[WhiteElo "2515"]
[BlackElo "2430"]

1.c4 c6 2.d4 d5 3.Nf3 e6 4.Qc2 Nf6 5.Bg5 Qa5+ 6.Bd2 Qd8 7.Bg5 Qa5+ 8.Bd2 Qd8
9.g3 Be7 10.Bg2 b6 11.O-O O-O 12.Bf4 Bb7 13.Rd1 Nbd7 14.Nc3 Nh5 15.Bc1 f5
16.b3 Bd6 17.Bb2 Qe7 18.e3 Rac8 19.Rac1 Nhf6 20.Ne1 g5 21.Nd3 h5 22.cxd5 cxd5
23.Qd2 a6 24.f4 Ne4 25.Nxe4 dxe4 26.Ne5 Nxe5 27.dxe5 Bb4 28.Qe2 g4 29.Bd4 b5
30.h3 Rxc1 31.Rxc1 Rc8 32.Rxc8+ Bxc8 33.Qc2  1/2-1/2

[Event "Moscow blitz"]
[Site "Moscow"]
[Date "1993.??.??"]
[Round "?"]
[White "Budnikov, Alexandar"]
[Black "Ivanovic, Bozidar"]
[Result "1-0"]
[WhiteElo "2520"]
[BlackElo "2470"]

1.c4 c6 2.g3 d5 3.Bg2 Nf6 4.Qc2 e6 5.Nf3 Be7 6.O-O O-O 7.d4 Nbd7 8.b3 b6
9.Bb2 Bb7 10.Nc3 Rc8 11.e4 dxe4 12.Nxe4 c5 13.Nfg5 Nxe4 14.Nxe4 cxd4 15.Bxd4 Qc7
16.Qb2 e5 17.Be3 Nf6 18.Qc2 Bxe4 19.Bxe4 Bc5 20.Bg5 Nxe4 21.Qxe4 f6 22.Be3 Bxe3
23.Qxe3 Rfd8 24.Rad1 Rxd1 25.Rxd1 Rd8 26.Rxd8+ Qxd8 27.Qe4 Qd7 28.Kg2 g6
29.b4 Kf7 30.c5 b5 31.a3 Ke6 32.c6 Qd4 33.Qc2 Qd8 34.Qc5 Qc7 35.a4 a6  1-0

[Event "Munich op9293"]
[Site "Munich"]
[Date "1993.??.??"]
[Round "2"]
[White "Lenz, Thomas"]
[Black "Levitt, Jonathan"]
[Result "1/2-1/2"]
[WhiteElo "2270"]
[BlackElo "2455"]

1.c4 c6 2.d4 d5 3.Nf3 Nf6 4.Nc3 a6 5.cxd5 cxd5 6.Bf4 Nc6 7.e3 Bg4 8.Rc1 e6
9.Qb3 Bxf3 10.gxf3 Bb4 11.a3 Bxc3+ 12.Rxc3 Qd7 13.Be2 O-O 14.O-O Nh5 15.Bg3 f5
16.f4 Nf6 17.f3 Rfc8 18.Rfc1 Ne7 19.Qb6 Rxc3 20.Rxc3 Rc8 21.Be1 Ne8 22.Rxc8 Nxc8
23.Qc5 h6 24.a4 Ned6 25.b3 Kf7 26.Bb4 Kf6 27.Qc2 Qf7 28.Kf1 Kg6 29.Ba5 Qd7
30.Bd3 Kf7 31.Ke1 Kg8 32.Kd1 Qf7 33.Bc7 Qh5 34.Qg2 Kf7 35.Kc1 Qh4 36.Kd1 Ne8
37.Be5 Ncd6 38.e4 dxe4 39.fxe4 fxe4 40.Bxe4 Nxe4 41.Qxe4 Qe7 42.f5 exf5 43.Qxf5+ Nf6
44.Bxf6 Qxf6 45.Qd7+ Kg6 46.d5 Qf3+ 47.Kd2 Qxb3  1/2-1/2

[Event "New York Marshall"]
[Site "New York"]
[Date "1993.??.??"]
[Round "?"]
[White "Moskow, Eric"]
[Black "Somlai, Laszlo"]
[Result "1/2-1/2"]
[WhiteElo "2235"]
[BlackElo "2385"]

1.c4 c6 2.d4 d5 3.cxd5 cxd5 4.Bf4 Nc6 5.Nc3 Nf6 6.e3 a6 7.Bd3 Bg4 8.f3 Bd7
9.Nge2 e6 10.Bg3 b5 11.Rc1 Rc8 12.O-O Na5 13.b3 Ba3 14.Rc2 O-O 15.Nb1 Be7
16.Qc1 Rxc2 17.Qxc2 Qa8 18.Rc1 Rc8 19.Qb2 Ne8 20.Rxc8 Qxc8 21.Qc2 Qxc2 22.Bxc2 Nd6
23.Nc1 Nc6 24.Be1 f6 25.Nd3 Nf5  1/2-1/2

[Event "New York Marshall"]
[Site "New York"]
[Date "1993.??.??"]
[Round "?"]
[White "Ginsburg, Mark"]
[Black "Somlai, Laszlo"]
[Result "1/2-1/2"]
[WhiteElo "2405"]
[BlackElo "2385"]

1.c4 c6 2.e4 e5 3.Nf3 d6 4.d4 Bg4 5.Be2 Bxf3 6.Bxf3 Be7 7.Nc3 Bg5 8.d5 Bxc1
9.Rxc1 Ne7 10.O-O c5 11.Qa4+ Nd7 12.Bg4 Nc8 13.Bxd7+ Qxd7 14.Qxd7+ Kxd7 15.f4 f6  1/2-1/2

[Event "New York Marshall CC"]
[Site "New York"]
[Date "1993.??.??"]
[Round "5"]
[White "Ginsburg, Mark"]
[Black "Young, Ronald"]
[Result "1/2-1/2"]
[WhiteElo "2405"]
[BlackElo "2300"]

1.c4 c6 2.e4 e5 3.Nc3 Nf6 4.Nf3 d6 5.d4 Bg4 6.dxe5 Bxf3 7.gxf3 dxe5 8.Qxd8+ Kxd8
9.f4 Bb4 10.Bg2 Nbd7 11.O-O Nb6 12.fxe5 Nfd7 13.Rd1 Ke8 14.f4 g5 15.Bh3 gxf4
16.Bxf4 Nc5 17.Rac1 Nxc4 18.a3 Bxc3 19.Rxc3 Nxb2 20.Rd4 Rg8+ 21.Bg3 Nba4
22.Rf3 Nb6 23.Kf1 Nbd7 24.Rxf7 Kxf7 25.e6+ Kf6 26.exd7 Rxg3 27.hxg3 Rd8 28.Rd6+ Ke7
29.Rh6 Nxd7 30.Rxh7+ Kd6 31.Ke2 Nc5 32.Ke3 a5 33.Bf5 Ke5 34.Re7+ Kf6 35.Rc7 Ke5
36.Re7+ Kf6 37.Rc7 Ke5 38.Re7+  1/2-1/2

[Event "New York op"]
[Site "New York"]
[Date "1993.??.??"]
[Round "6"]
[White "Moskow, Eric"]
[Black "McCarthy, Brian"]
[Result "0-1"]
[WhiteElo "2235"]
[BlackElo "2245"]

1.c4 c6 2.Nc3 d5 3.cxd5 cxd5 4.d4 Nf6 5.Nf3 e6 6.Bf4 Bb4 7.Rc1 Ne4 8.Bd2 Nxd2
9.Qxd2 O-O 10.a3 Be7 11.e3 Nc6 12.Bd3 Bd7 13.O-O f5 14.Na4 g5 15.Qd1 g4 16.Nd2 Rf6
17.Nc5 Rh6 18.Nxd7 Qxd7 19.Bb5 Qe8 20.Bxc6 bxc6 21.Re1 Qb8 22.Nf1 Qxb2 23.a4 Qb7
24.Qc2 Rc8 25.Rb1 Bb4 26.a5 Qe7 27.Rec1 Bxa5 28.Qa4 Qc7 29.Rc2 Bb6 30.Rbc1 e5
31.dxe5 Qxe5 32.Rxc6 Rcxc6 33.Rxc6 Qe8 34.Rc4 Re6 35.Qxe8+ Rxe8 36.Rf4 a5
37.Rxf5 d4 38.exd4 a4 39.Rg5+ Kf7 40.Rxg4 a3 41.Rg3 a2 42.Ra3 Re2 43.g3 Bxd4  0-1

[Event "Nikolaev zt"]
[Site "Nikolaev"]
[Date "1993.??.??"]
[Round "?"]
[White "Moskalenko, Viktor"]
[Black "Borovikov, Vladislav"]
[Result "1/2-1/2"]
[WhiteElo "2555"]
[BlackElo "2385"]

1.c4 c6 2.e4 e5 3.Nc3 Nf6 4.Nf3 d6 5.d4 Nbd7 6.g3 g6 7.Bg2 Bg7 8.O-O O-O
9.h3 Qb6 10.dxe5 Nxe5 11.b3 Nfd7 12.Na4 Qa6 13.Bb2 b5 14.Nxe5 Nxe5 15.Qxd6 Nxc4
16.bxc4 bxa4 17.Bxg7 Kxg7 18.c5 Be6 19.f4 Bc4 20.Rfd1 Rfe8 21.Qd4+ Kg8 22.e5 Rad8
23.Qf2 Bd5 24.Bxd5 cxd5 25.Rac1 Qc6 26.Rd4 Rb8 27.Qc2 a3 28.Qa4 Qe6 29.Qxa3 Qxh3
30.c6 Qe6 31.c7 Rbc8 32.Qd6 Re7 33.Rb4 Qh3 34.Rb3 Rd7 35.Qf6 Qg4 36.Kf2 Qh3
37.Kg1 Qg4 38.Kf2 Qh3 39.Kf3 Rdxc7 40.Rxc7 Qf1+ 41.Kg4 Qd1+ 42.Rf3 Rxc7 43.Qd8+  1/2-1/2

[Event "Nis op"]
[Site "Nis"]
[Date "1993.??.??"]
[Round "?"]
[White "Vaulin, Alexander"]
[Black "Stankovic, Dragan"]
[Result "1-0"]
[WhiteElo "2500"]
[BlackElo "2290"]

1.c4 c6 2.e4 d5 3.cxd5 cxd5 4.exd5 Nf6 5.Bb5+ Nbd7 6.Nc3 a6 7.Qa4 g6 8.Nf3 Bg7
9.O-O O-O 10.Bxd7 Qxd7 11.Qxd7 Bxd7 12.Re1 Rfe8 13.d4 Rad8 14.Bg5 Bb5 15.Bxf6 Bxf6
16.Ne5 e6 17.a4 Bxe5 18.dxe5 Bc4 19.d6 f5 20.a5 Rd7 21.Na4 Bb5 22.Rec1 f4
23.Nc5 Rf7 24.Rc3 Rf5 25.Re1 Bc6 26.f3 g5 27.Nxa6 Kf7 28.Nc7 Rg8 29.h3 h5
30.Rxc6 bxc6 31.a6 g4 32.a7 gxf3 33.a8=Q Rxa8 34.Nxa8 Rg5 35.Kf2 fxg2 36.Nc7 h4
37.d7 Rg8 38.Rd1 c5 39.Ne8  1-0